000 00900nam a2200217Ia 4500
003 Ost
005 20260507075128.0
008 260507s9999||||xx |||||||||||||| ||und||
020 _a977/337/132/8
040 _cfsecg
041 _aara
082 _a330
100 _eمؤلف
245 0 _aالجودة الشاملة :
_bالدليل المتكامل للمفاهيم والأدوات /
250 _aطبعة 2
260 _aالقاهرة:
_bمركز الخبرات المهنية للإدارة,
_c2003
300 _a438 صفحة؛
_bإيضاحات ؛
_c24 سم
520 _aالمنافسة العالمية والجودة الشاملة-ثقافة الجودة السائدة-الجودة:التكلفة وأخطاء التطبيق-تطبيق الجودة الشاملة-أدوات تطبيق الجودة الشاملة
653 _aالجودة الشاملة
942 _cكتاب
999 _c43177
_d43177